[Event "FSFMA Nov 2012"]
[Site "Budapest HUN"]
[Date "2012.11.10"]
[Round "7.3"]
[White "Juracsik,J"]
[Black "Farkas,R"]
[Result "1/2-1/2"]
[WhiteElo "2157"]
[BlackElo "2107"]

1.e4 c5 2.Nf3 Nc6 3.Bb5 d6 4.O-O e6 5.Re1 Ne7 6.c3 a6 7.Bf1 Bd7 8.d4 cxd4
9.cxd4 d5 10.Nc3 dxe4 11.Nxe4 Nd5 12.a3 Be7 13.Nc5 Qc8 14.b4 O-O 15.Bb2 b6
16.Nd3 Qb7 17.g3 Rad8 18.Bg2 Be8 19.Qb3 Bf6 20.Nde5 Nxe5 21.dxe5 Be7 22.Nd4 b5
23.Rac1 g6 24.f4 Qb6 25.Kh1 a5 26.bxa5 Qxa5 27.f5 Bg5 28.Rcd1 gxf5 29.Nxf5 exf5
30.Bxd5 Qa6 31.Bg2 Bc6 32.Qc2 Bxg2+ 33.Qxg2 Qe6 34.Qf3 Bd2 35.Rf1 Bh6 36.Rd3 Qc4
37.Rfd1 Rxd3 38.Rxd3 Qe4 39.Kg2 Rc8 40.Bc3 Bf8 41.Bb4 Bxb4 42.axb4 Rc4 43.Re3 Qxf3+
44.Rxf3 Rxb4 45.Rxf5 Rb2+ 46.Kh3 Rc2 47.e6 fxe6 48.Rxb5 Kg7 49.Rb7+ Kg6 50.Re7 Re2
51.g4 h5  1/2-1/2

[Event "WY BU16 2012"]
[Site "Maribor SLO"]
[Date "2012.11.11"]
[Round "4.40"]
[White "Salomon,J"]
[Black "Gonzalez Olivieri,Orlando"]
[Result "1-0"]
[WhiteElo "2070"]
[BlackElo "1985"]

1.e4 c5 2.Nf3 Nc6 3.Bb5 g6 4.Bxc6 bxc6 5.O-O Bg7 6.e5 Nh6 7.d3 O-O 8.h3 d6
9.Re1 Be6 10.Nc3 Nf5 11.Bg5 dxe5 12.Nxe5 f6 13.Nf3 Bd5 14.Bc1 e5 15.b3 Nd4
16.Nh2 f5 17.Na4 f4 18.c3 Qg5 19.f3 Nf5 20.Ba3 Be6 21.Nxc5 Ne3 22.Rxe3 fxe3
23.Nxe6 Qg3 24.Nxf8 Qf2+ 25.Kh1 e4 26.Ng4 e2 27.Nxf2 exd1=Q+ 28.Rxd1 e3 29.Ne4 Rd8
30.d4  1-0

[Event "WY BU16 2012"]
[Site "Maribor SLO"]
[Date "2012.11.11"]
[Round "4.20"]
[White "Monjac,M"]
[Black "Vibbert,Sean"]
[Result "1-0"]
[WhiteElo "2103"]
[BlackElo "2255"]

1.e4 c5 2.Nf3 Nc6 3.Bb5 d6 4.Bxc6+ bxc6 5.O-O Bg4 6.h3 Bh5 7.e5 e6 8.exd6 Bxd6
9.d3 Nf6 10.Be3 Nd5 11.Nbd2 Qc7 12.Ne4 f5 13.Nxd6+ Qxd6 14.c4 Ne7 15.Qe2 O-O
16.Rfe1 Ng6 17.Bd2 Nh4 18.Qxe6+ Qxe6 19.Rxe6 Bxf3 20.gxf3 Rad8 21.Be3 f4
22.Bxc5 Rf5 23.Rxc6 Nxf3+ 24.Kg2 Ne5 25.Rd6 Rg5+ 26.Kf1 Re8 27.Rd5 Re6 28.Re1 Kf7
29.Re4 f3 30.h4 Rh5 31.d4 Nxc4 32.Rxe6 Rxd5 33.Re7+ Kf6 34.Rxa7 Nxb2 35.Ra3 Rf5
36.Rb3 Nc4 37.Rd3 Ke6 38.Kg1 g5 39.hxg5 Rxg5+ 40.Kh1 Rf5 41.Kh2 Kd5 42.Kg3 Ke4
43.Rd1 Rg5+ 44.Kh4 h6 45.a4 Rg2 46.d5 Ne5 47.Bd6 Nd3 48.Bg3 Nxf2 49.Bxf2 Rxf2
50.d6 Rh2+ 51.Kg3 Rg2+ 52.Kh3 Rg8 53.Re1+ Kd3 54.Re7 Rf8 55.d7 f2 56.Rf7 Rxf7
57.d8=Q+ Kc2 58.Qc8+ Kb2 59.Qb8+ Ka2 60.Qh2 Kb1 61.Qb8+ Ka2 62.Qh2  1-0

[Event "WY BU14 2012"]
[Site "Maribor SLO"]
[Date "2012.11.11"]
[Round "4.16"]
[White "Sanal,V"]
[Black "Azarya,J"]
[Result "1-0"]
[WhiteElo "2397"]
[BlackElo "2045"]

1.e4 c5 2.Nf3 Nc6 3.Bb5 g6 4.Bxc6 dxc6 5.h3 Bg7 6.d3 Nf6 7.Nc3 O-O 8.Be3 Nd7
9.Qd2 e5 10.Bh6 Re8 11.Bxg7 Kxg7 12.O-O Nf8 13.Rae1 Qe7 14.Nh2 Ne6 15.Ne2 f6
16.f4 Nd4 17.Nf3 b6 18.Rf2 Rf8 19.Ref1 Bd7 20.Kh1 Rad8 21.Neg1 Bc8 22.fxe5 fxe5
23.Qe3 a5 24.Ne1 Ne6 25.Ngf3 Qd6 26.Nd2 Ba6 27.Nef3 h6 28.Nh2 Nf4 29.Ng4 g5
30.Qg3 b5 31.Nf3 Rde8 32.h4 Nh5 33.Qh2 Bc8 34.Nfxe5 Bxg4 35.Nxg4 Ng3+ 36.Kg1 gxh4
37.Rxf8 Rxf8 38.Rxf8 Qxf8 39.Qxh4 Ne2+ 40.Kh2 Qf4+ 41.g3 Qd2 42.Qe7+ Kh8
43.Qxc5 Nd4+ 44.Kh3  1-0

[Event "WY GU18 2012"]
[Site "Maribor SLO"]
[Date "2012.11.12"]
[Round "5.24"]
[White "Jorquera Cabello,V"]
[Black "Stepanyan,Astghik"]
[Result "1-0"]
[WhiteElo "2023"]
[BlackElo "1799"]

1.e4 c5 2.Nf3 Nc6 3.Bb5 d6 4.O-O Bd7 5.Re1 Nf6 6.h3 e6 7.c3 a6 8.Bf1 Be7
9.d4 d5 10.exd5 Nxd5 11.c4 Nf6 12.d5 Nd4 13.Nxd4 cxd4 14.Qxd4 Bb4 15.Bd2 Bxd2
16.Nxd2 O-O 17.d6 Rc8 18.b4 b5 19.c5 Bc6 20.a4 bxa4 21.Bxa6 Rb8 22.Reb1 Qd7
23.Nc4 Nd5 24.Ne5 Qe8 25.Nxc6 Qxc6 26.b5 Qa8 27.Rxa4 e5 28.Qa1 Nf4 29.c6 Rb6
30.Qxe5 Ne6 31.c7 h6 32.Rba1 Nxc7 33.dxc7 Rg6 34.Qe4 Qa7 35.c8=Q  1-0

[Event "WY GU16 2012"]
[Site "Maribor SLO"]
[Date "2012.11.12"]
[Round "5.32"]
[White "Blagojevic,Tijana"]
[Black "Jansen Van Rensburg,Monica"]
[Result "1-0"]
[WhiteElo "2090"]
[BlackElo "1792"]

1.e4 c5 2.Nf3 Nc6 3.Bb5 Nd4 4.Nxd4 cxd4 5.c3 dxc3 6.Nxc3 g6 7.O-O Bg7 8.d4 e6
9.e5 a6 10.Be2 d5 11.Qb3 Ne7 12.Na4 Nc6 13.Be3 O-O 14.Rac1 Qe8 15.Rc3 Bd7
16.Nc5 Rb8 17.Rfc1 f6 18.f4 Qe7 19.Qd1 Bh6 20.Qd2 Na7 21.Nxd7 Qxd7 22.Rc7 Qe8
23.Bxa6 Rf7 24.Rxf7 Qxf7 25.Bd3 Nc6 26.a3 Rf8 27.Bb5 fxe5 28.fxe5 Bxe3+ 29.Qxe3 Qf4
30.Qxf4 Rxf4 31.Bxc6 bxc6 32.Rxc6 Rxd4 33.b4 Rd3 34.a4 Rb3 35.b5 Rb2 36.b6 g5
37.Rxe6 d4 38.Rd6 d3 39.a5 d2 40.Kf1 Ra2 41.b7 Rb2 42.a6 Rb6 43.Ke2 Rb1 44.Kxd2 Kf7
45.a7 Rxb7 46.a8=Q Re7 47.e6+ Kg7 48.Qd8 Ra7 49.Rd7+ Kh6 50.Rxa7 g4 51.Qf8+ Kh5
52.Rxh7+  1-0

[Event "WY BU14 2012"]
[Site "Maribor SLO"]
[Date "2012.11.12"]
[Round "6.26"]
[White "Bayramov,Zaur"]
[Black "Nayhebaver,Martin"]
[Result "1/2-1/2"]
[WhiteElo "1941"]
[BlackElo "2144"]

1.e4 c5 2.Nf3 Nc6 3.Bb5 g6 4.O-O Bg7 5.c3 e5 6.d3 Nge7 7.Be3 d6 8.d4 cxd4
9.cxd4 a6 10.Bxc6+ Nxc6 11.dxe5 dxe5 12.Qxd8+ Nxd8 13.Nc3 Be6 14.Bc5 Nc6
15.Rfd1 Rc8 16.Nd5 f5 17.Nb6 Rd8 18.Rxd8+ Nxd8 19.Re1 Nc6 20.Nd5 Kd7 21.Rd1 Kc8
22.Ng5 Bg8 23.Nb6+ Kb8 24.Rd7 Bh6 25.Bd6+ Ka7 26.Nc8+ Ka8 27.Nb6+  1/2-1/2

[Event "WY GU18 2012"]
[Site "Maribor SLO"]
[Date "2012.11.12"]
[Round "6.17"]
[White "Narva,T"]
[Black "Protsyuk,Svitlana"]
[Result "1-0"]
[WhiteElo "2065"]
[BlackElo "1754"]

1.e4 c5 2.Nf3 Nc6 3.Bb5 g6 4.Bxc6 dxc6 5.d3 Bg7 6.h3 e5 7.Be3 Qe7 8.Nc3 Nf6
9.Qd2 Nd7 10.Bh6 O-O 11.O-O Rd8 12.Ne2 Nf8 13.Bxg7 Kxg7 14.Qe3 f6 15.Nd2 Ne6
16.f4 Nd4 17.Nxd4 cxd4 18.Qg3 exf4 19.Rxf4 Be6 20.Raf1 Rf8 21.a3 c5 22.Qf2 Rad8
23.g4 b5 24.Qe2 Qc7 25.R1f2 Rf7 26.Nf1 c4 27.Ng3 a5 28.Qf3 Rdf8 29.h4 Qc5
30.Rg2 c3 31.b4 axb4 32.axb4 Qxb4 33.Nf5+ Bxf5 34.gxf5 Rg8 35.fxg6 hxg6 36.h5 g5
37.h6+ Kg6 38.Rh4 f5 39.h7 Rh8 40.Qh5+ Kf6 41.Qxg5+ Ke6 42.Rh6+ Kd7 43.Qg6 Qf8
44.Qc6+ Ke7 45.Re6+ Kd8 46.Rd6+  1-0

[Event "Brno Open 2012"]
[Site "Brno CZE"]
[Date "2012.11.13"]
[Round "4"]
[White "Svobodova,M"]
[Black "Kuchynka,Luk"]
[Result "1/2-1/2"]
[WhiteElo "2019"]
[BlackElo "2310"]

1.e4 c5 2.Nf3 Nc6 3.Bb5 e6 4.Bxc6 bxc6 5.O-O Ne7 6.d3 Ng6 7.c4 e5 8.Qe2 Be7
9.Nc3 d6 10.h3 O-O 11.Nh2 f5 12.f3 Bg5 13.exf5 Bxf5 14.Ne4 Bxc1 15.Raxc1 Nf4
16.Qc2 Qe7 17.Ng4 Rab8 18.b3 Rf7 19.Kh2 Rbf8 20.a3 a5 21.Qd2 h6 22.Rfd1 d5
23.cxd5 cxd5 24.Nxc5 Bxg4 25.fxg4 Qh4 26.Qe1 Nxg2 27.Qxh4 Nxh4 28.Rc2 g5
29.b4 axb4 30.axb4 Rf2+ 31.Rxf2 Rxf2+ 32.Kg1 Rb2 33.Nd7 Nf3+ 34.Kf1 Nh2+
35.Kg1 Nf3+ 36.Kf1 Kf7 37.Ra1 e4 38.dxe4 dxe4 39.Ra6 Kg7 40.Re6 Nh2+ 41.Kg1 Nf3+
42.Kf1 Nh2+ 43.Kg1 Nf3+ 44.Kf1 Nh2+  1/2-1/2

[Event "Brno Open 2012"]
[Site "Brno CZE"]
[Date "2012.11.13"]
[Round "4"]
[White "Vitula,J"]
[Black "Frantsuzova,L"]
[Result "1/2-1/2"]
[WhiteElo "1884"]
[BlackElo "1764"]

1.e4 c5 2.Nf3 Nc6 3.Bb5 Nd4 4.Nxd4 cxd4 5.c3 a6 6.Be2 Qb6 7.cxd4 Qxd4 8.Nc3 e6
9.d3 Bb4 10.Qb3 Ba5 11.Be3 Qb4 12.Qc2 Nf6 13.a3 Qe7 14.b4 Bd8 15.O-O O-O
16.e5 Ne8 17.Ne4 b6 18.d4 Bb7 19.Bf3 d5 20.Ng5 f5 21.exf6 gxf6 22.Nh3 Qg7
23.Nf4 Nc7 24.Qb3 Kh8 25.Rac1 Qd7 26.Bg4 f5 27.Bf3 Rc8 28.Rc2 Ne8 29.Rfc1 Rxc2
30.Rxc2 Nf6 31.Be2 Ne4 32.b5 a5 33.a4 Be7 34.Nd3 Bf6 35.f3 Nd6 36.Ne5 Bxe5
37.dxe5 Nc8 38.Qc3 f4 39.Qc7 Qxc7 40.Rxc7 fxe3 41.Rxb7 Rd8 42.Bd3 d4 43.Rxh7+ Kg8
44.Rc7 Kf8 45.h4 Ne7 46.h5 Nf5 47.Bxf5 exf5 48.h6 Kg8 49.e6 Re8 50.e7 Kh7
51.Kf1 d3 52.Rd7 Kxh6 53.f4 Kh5 54.Rxd3 Rxe7 55.Ke2 Re4 56.Rd6 Rxf4 57.Rxb6 Rxa4
58.Kxe3 f4+ 59.Kf3 Rb4 60.Rb8 a4 61.Ra8 Kg5 62.b6 Rb3+ 63.Kf2 a3 64.b7 Rb2+
65.Kf3 a2 66.Ra5+ Kf6 67.Rxa2 Rxb7 68.Kxf4 Rb4+ 69.Kg3 Kg5 70.Ra5+ Kg6 71.Kh3 Rb6
72.g4 Kh6 73.Kh4 Kg6 74.Ra8 Kh6 75.Rh8+ Kg6 76.Rg8+ Kh6 77.g5+ Kh7 78.Ra8 Kg6  1/2-1/2

[Event "Brno Open 2012"]
[Site "Brno CZE"]
[Date "2012.11.14"]
[Round "5"]
[White "Svobodova,M"]
[Black "Kantorik,M"]
[Result "0-1"]
[WhiteElo "2019"]
[BlackElo "2342"]

1.e4 c5 2.Nf3 Nc6 3.Bb5 g6 4.Bxc6 bxc6 5.O-O Bg7 6.Re1 f6 7.d3 d6 8.h3 Nh6
9.c4 Nf7 10.Nc3 O-O 11.Qe2 e5 12.Nh2 Kh8 13.f4 Qe7 14.Nf3 Bd7 15.Rb1 Rab8
16.Bd2 Nd8 17.fxe5 fxe5 18.Bg5 Bf6 19.Qd2 Ne6 20.Be3 g5 21.Ne2 Nf4 22.Kh2 Rg8
23.g4 h5 24.Rg1 Rg7 25.Bxf4 gxf4 26.gxh5 Qe6 27.Rxg7 Qxh3+ 28.Kg1 Bxg7 29.Kf2 Bf6
30.Neg1 Qg3+ 31.Kf1 Bh3+ 32.Nxh3 Qxf3+ 33.Nf2 Rg8 34.Qd1 Qg3 35.b4 Bh4 36.Qe1 f3  0-1

[Event "22nd World Seniors Open"]
[Site "Kamena Vourla GRE"]
[Date "2012.11.14"]
[Round "2.10"]
[White "Valenti,G"]
[Black "Cebalo,M"]
[Result "1/2-1/2"]
[WhiteElo "2169"]
[BlackElo "2403"]

1.e4 c5 2.Nf3 Nc6 3.Bb5 d6 4.O-O Bd7 5.c3 a6 6.Ba4 b5 7.Bc2 e5 8.d4 Qc7 9.a4 Rb8
10.axb5 axb5 11.dxc5 dxc5 12.Re1 Nf6 13.Nbd2 Bd6 14.Nf1 h6 15.Ne3 Rd8 16.Nh4 Ne7
17.Qf3 c4 18.Rd1 Bc5 19.Ra6 Bb6 20.h3 O-O 21.Ra1 Bc8 22.Bd2 Nh7 23.Nef5 Nxf5
24.Nxf5 Bxf5 25.Qxf5 g6 26.Qg4 Kg7 27.Qh4 g5 28.Qg3 Rg8 29.Bc1 Rxd1+ 30.Bxd1 Rd8
31.Bc2 Nf8 32.h4 f6 33.Qg4 Qd7 34.Qxd7+ Nxd7 35.hxg5 hxg5 36.Kf1 Rh8 37.Ke2 Rh1
38.Rb1 Nc5 39.Be3 Rxb1 40.Bxb1 Na4 41.Bc1 Kf7 42.Bc2 Nc5 43.Be3 Nd7 44.Bd2 Ke6
45.b3 Kd6 46.bxc4 bxc4 47.Bc1 Kc7 48.f3 Ba5 49.Kd2 Kb6 50.Ba3 Kb5 51.Be7 Bb6
52.Bd1 Bc5 53.Bd8 Bb6  1/2-1/2

[Event "WY BU16 2012"]
[Site "Maribor SLO"]
[Date "2012.11.14"]
[Round "7.2"]
[White "Chigaev,M"]
[Black "Javanbakht,N"]
[Result "1/2-1/2"]
[WhiteElo "2457"]
[BlackElo "2416"]

1.e4 c5 2.Nf3 Nc6 3.Bb5 Nf6 4.Bxc6 bxc6 5.e5 Nd5 6.O-O g6 7.c4 Nc7 8.d4 cxd4
9.Qxd4 Bg7 10.Qh4 Ne6 11.Nc3 O-O 12.Bh6 f5 13.Bxg7 Kxg7 14.Rad1 f4 15.Ne4 h6
16.Nd4 Nxd4 17.Rxd4 Rf5 18.e6 d5 19.cxd5 cxd5 20.Re1 Qc7 21.Nc3 g5 22.Qh5 Qc6
23.Qe2 Rb8 24.Qd3 Bxe6 25.Ra4 Rxb2 26.Ra6 Rb6 27.Rxa7 Qc4 28.Rxe7+ Kf6 29.Qxc4 dxc4
30.Rh7 Kg6 31.Rc7 Ra5 32.a4 Bf7 33.Ree7 Rxa4 34.g4 Ra1+ 35.Kg2 Ra3 36.Ne4 Re6
37.Rxf7 Rxe4 38.Rfd7 Kf6 39.Rd6+ Re6 40.Rxe6+ Kxe6 41.Rxc4  1/2-1/2

[Event "WY GU18 2012"]
[Site "Maribor SLO"]
[Date "2012.11.14"]
[Round "7.15"]
[White "Akshaya,A"]
[Black "Kurbonboeva,Sarvinoz"]
[Result "1/2-1/2"]
[WhiteElo "1999"]
[BlackElo "2111"]

1.e4 c5 2.Nf3 Nc6 3.Bb5 g6 4.Bxc6 dxc6 5.Nc3 Bg7 6.d3 Nf6 7.Be3 b6 8.h3 O-O
9.Qd2 Be6 10.Bh6 Qc7 11.O-O Rad8 12.Bxg7 Kxg7 13.Qe3 Bc8 14.Ne2 e5 15.Ng3 Rfe8
16.Rae1 h6 17.Nh2 Qd6 18.Qc1 Ba6 19.b3 b5 20.Rd1 Re7 21.f4 c4 22.fxe5 Qxe5
23.Rf3 Bc8 24.Rdf1 Re6 25.bxc4 bxc4  1/2-1/2

[Event "WY BU14 2012"]
[Site "Maribor SLO"]
[Date "2012.11.14"]
[Round "7.28"]
[White "Savenkov,K"]
[Black "Malhotra,Tarun"]
[Result "1-0"]
[WhiteElo "2162"]
[BlackElo "1946"]

1.e4 c5 2.Nf3 Nc6 3.Bb5 d6 4.Bxc6+ bxc6 5.O-O e5 6.c3 Bg4 7.h3 Bxf3 8.Qxf3 Qd7
9.d3 g6 10.Nd2 Bg7 11.Nc4 Ne7 12.Bg5 f6 13.Be3 O-O 14.Qg3 d5 15.Na5 d4 16.cxd4 cxd4
17.Bd2 f5 18.f3 c5 19.Rac1 Rac8 20.Nc4 f4 21.Qg4 Qc6 22.Na5 Qd6 23.b4 cxb4
24.Nc4 Qf6 25.Bxb4 Rfd8 26.Bxe7 Qxe7 27.h4 Rc5 28.Rb1 Bf6 29.h5 Kg7 30.Rb3 Qd7
31.Qxd7+ Rxd7 32.Rfb1 gxh5 33.Rb7 Rcc7 34.R7b5 Re7 35.Rb8 Kf7 36.R1b5 Ke6
37.a4 Rc6 38.a5 Rec7 39.R8b7 Rxb7 40.Rxb7 a6 41.Rxh7 h4 42.Rb7 Bd8 43.Rb8 Be7
44.Kf2 Bd6 45.Re8+ Kf6 46.Rh8 Kg7 47.Re8 Bc7 48.Re7+ Kf6 49.Rh7 Kg6 50.Rd7 Kf6
51.Ke2 Rc5 52.Rd5 Rxd5 53.exd5 Ke7 54.Kf2 Kf6 55.Kg1 Kf5 56.Kh2 Bd8 57.Kh3 Be7
58.Kh2 Bd8 59.Kh1 Be7 60.Kg1 Bd8 61.Kh2 Bc7 62.Kh3 Bd8 63.Nd6+ Kf6 64.Nb7 Ke7
65.Nxd8 Kxd8 66.Kg4 Ke7 67.Kf5 Kd6 68.Ke4 Kc5 69.Kxe5 Kb5 70.d6  1-0

[Event "WY BU16 2012"]
[Site "Maribor SLO"]
[Date "2012.11.14"]
[Round "7.23"]
[White "Monjac,M"]
[Black "Artemenko,O"]
[Result "1-0"]
[WhiteElo "2103"]
[BlackElo "2235"]

1.e4 c5 2.Nf3 Nc6 3.Bb5 g6 4.Bxc6 bxc6 5.O-O Bg7 6.Re1 Nh6 7.c3 O-O 8.d4 cxd4
9.cxd4 d6 10.h3 f6 11.Nc3 Nf7 12.Bf4 e5 13.Bg3 Rb8 14.Qd2 Qb6 15.b3 Re8 16.Rad1 Bb7
17.dxe5 fxe5 18.Kh1 Rbd8 19.Ng5 Bh6 20.f4 Nxg5 21.fxg5 Bg7 22.Bf2 Qa5 23.Na4 Qxd2
24.Rxd2 d5 25.Bxa7 Bf8 26.Bc5 d4 27.Bxf8 Rxf8 28.Nc5 Rf7 29.a4 Bc8 30.a5 Ra7
31.a6 Rf8 32.Kg1 Rff7 33.Ra1 Kf8 34.Rda2 Ke7 35.Nd3 Kd6 36.Ra5 Rfe7 37.Nb4 c5
38.Nd5 Rf7 39.Rb5 Bd7 40.Rb6+ Bc6 41.b4 Kd7 42.bxc5 Rf8 43.Rf1 Rxf1+ 44.Kxf1 Rxa6
45.Rxa6 Bb5+ 46.Ke1 Bxa6 47.Nf6+ Kc6 48.Nxh7 Bd3 49.Nf6 Kxc5 50.h4 Kd6 51.h5 Ke7
52.h6 Kf7 53.Kf2 Bc2 54.Kf3 Kf8 55.Nd7+ Kg8 56.Nxe5 Bb3 57.Ke2  1-0

[Event "WY BU16 2012"]
[Site "Maribor SLO"]
[Date "2012.11.14"]
[Round "7.49"]
[White "Verhasselt,Karsten"]
[Black "Vicente,J"]
[Result "0-1"]
[WhiteElo "1837"]
[BlackElo "2042"]

1.e4 c5 2.Nf3 Nc6 3.Bb5 g6 4.Bxc6 bxc6 5.d3 Bg7 6.O-O d6 7.Nbd2 Nh6 8.Nc4 O-O
9.Rb1 Rb8 10.b3 f6 11.Bd2 Nf7 12.Ba5 Qd7 13.Qe2 Ba6 14.a4 e5 15.Nfd2 Ng5
16.f4 Ne6 17.f5 Nf4 18.Qf3 d5 19.Ne3 d4 20.Nec4 gxf5 21.exf5 Qxf5 22.Nd6 Qd7
23.N2e4 Bxd3 24.cxd3 f5 25.Nxf5 Qxf5 26.Kh1 Qg6 27.Nxc5 Ne6 28.Qxc6 Nxc5
29.Qxc5 Qxd3 30.Rfe1 Kh8 31.Qd5 Rf2 32.Bc7 Rbf8 33.Kg1 Re2 34.Rf1 Qe3+ 35.Kh1 Ref2
36.Rxf2 Qxf2 37.h3 Qc2 38.Re1 Qxc7 39.Qe4 Qc3 40.Rb1 d3 41.Rd1 Rd8 42.b4 d2
43.b5 Qc1 44.Qe2 e4 45.a5 e3 46.Kh2 Qxd1 47.Qxd1 e2  0-1

[Event "WY GU16 2012"]
[Site "Maribor SLO"]
[Date "2012.11.14"]
[Round "7.40"]
[White "Zavgorodniaya,A"]
[Black "Le Besq,Emma"]
[Result "0-1"]
[WhiteElo "1952"]
[BlackElo "1712"]

1.e4 c5 2.Nf3 Nc6 3.Bb5 g6 4.Bxc6 bxc6 5.O-O Bg7 6.Re1 Nf6 7.e5 Nd5 8.c4 Nb6
9.d4 cxd4 10.Qxd4 O-O 11.Qh4 d6 12.Ng5 h6 13.Ne4 Kh7 14.Bg5 f6 15.exf6 exf6
16.Nxf6+ Rxf6 17.Nd2 Qf8 18.Bxf6 Bxf6 19.Qf4 Bf5 20.Nf3 Rd8 21.g4 Bd3 22.Qe3 Bxc4
23.g5 Bxb2 24.Rab1 Bg7 25.gxh6 Bxh6 26.Qe7+ Kg8 27.Nh4 Qxe7 28.Rxe7 Bg5 29.Rxa7 Bxh4
30.Rxb6 Rf8 31.Rb2 Rf5 32.Kg2 Rg5+ 33.Kf3 Bd5+ 34.Ke3 Re5+ 35.Kd2 Bg5+ 36.Kc3 Re8
37.Rbb7 Bf6+ 38.Kd2 Bd4 39.Ra4 Bxf2 40.Rg4 Be4 41.h4 c5 42.Rc7 Bf5 43.Ra4 d5
44.Raa7 Be3+ 45.Kd1 Bd4 46.Kd2 c4  0-1

[Event "22nd World Seniors Open"]
[Site "Kamena Vourla GRE"]
[Date "2012.11.15"]
[Round "3.22"]
[White "Malmdin,N"]
[Black "Doubleday,W"]
[Result "1-0"]
[WhiteElo "2296"]
[BlackElo "2039"]

1.e4 c5 2.Nf3 Nc6 3.Bb5 d6 4.d4 cxd4 5.Qxd4 Bd7 6.Bxc6 Bxc6 7.Nc3 Nf6 8.Bg5 e6
9.O-O-O Be7 10.Rhe1 O-O 11.Kb1 Qa5 12.Qd2 Kh8 13.Nd4 Rad8 14.f4 h6 15.h4 Nxe4
16.Rxe4 hxg5 17.Nxc6 bxc6 18.hxg5 g6 19.Ra4 Qb6 20.Ne4 f5 21.gxf6 Bxf6 22.Nxf6 Rxf6
23.Qc3 Rf8 24.Rh1+ Kg8 25.Qh3 Kf7 26.Qh7+ Ke8 27.Rxa7 R6f7 28.Rxf7 Rxf7 29.Qxg6 Qe3
30.g3 Ke7 31.a3 d5 32.Qg5+ Kd6 33.Qd8+ Kc5 34.Qa5+ Kd6 35.Qb4+ Qc5 36.Qb8+ Ke7
37.Qc7+ Kf6 38.Qe5+ Ke7 39.Qg5+ Kd7 40.Rh8 Qb6 41.Ka2 Re7 42.Qg8 Kd6 43.Qf8 Kd7
44.g4 Qc7 45.g5 c5 46.Qxe7+  1-0

[Event "WY GU16 2012"]
[Site "Maribor SLO"]
[Date "2012.11.15"]
[Round "8.3"]
[White "Belova,O"]
[Black "Nicolas Zapata,I"]
[Result "1/2-1/2"]
[WhiteElo "2130"]
[BlackElo "2201"]

1.e4 c5 2.Nf3 Nc6 3.Bb5 g6 4.Bxc6 dxc6 5.h3 Bg7 6.d3 h6 7.c3 e5 8.Be3 Qe7
9.Qd2 Nf6 10.Na3 Be6 11.Nxe5 O-O-O 12.Qe2 Nh7 13.Nf3 Ng5 14.Nxg5 hxg5 15.f3 f5
16.exf5 Bxf5 17.O-O-O Rhe8 18.Rhe1 Qf7 19.g4 Be6 20.c4 Qf6 21.Qf2 Bf7 22.Nb1 Rh8
23.Bxc5 Rxh3 24.Be7 Qf4+ 25.Nd2 Bd4 26.Qe2 Rd7 27.Qe4 Rh2 28.Ba3 c5 29.Re2 Rxe2
30.Qxe2 Be3 31.Kc2 Rd8 32.Nf1 Re8 33.Qg2 Bd4 34.b3 Qe5 35.Bc1 Ba1 36.Kb1 Bd4
37.Bb2 Bxb2 38.Qxb2 Qf4 39.Qf2 b6 40.d4 Be6 41.dxc5 Bxg4 42.cxb6 Bf5+ 43.Kb2 Qe5+
44.Qd4 axb6 45.Qxe5 Rxe5 46.Rd4 Kc7 47.Kc3 Kc6 48.a4 Re2 49.Nd2 Rg2 50.b4 g4
51.b5+ Kc7 52.fxg4 Bxg4 53.Kb4 Rg1 54.c5 bxc5+ 55.Kxc5 Be6 56.a5 Rc1+ 57.Nc4 g5
58.b6+ Kb7 59.Kb5 Bxc4+ 60.Rxc4 Rb1+ 61.Rb4 Rxb4+ 62.Kxb4 g4 63.Kb5 g3 64.a6+ Kb8
65.Kc6 g2 66.a7+ Ka8  1/2-1/2

[Event "WY GU16 2012"]
[Site "Maribor SLO"]
[Date "2012.11.15"]
[Round "8.37"]
[White "Xiao,Alice Huanyi"]
[Black "Machlik,Edit"]
[Result "1-0"]
[WhiteElo "1843"]
[BlackElo "1748"]

1.e4 c5 2.Nf3 Nc6 3.Bb5 Nd4 4.Nxd4 cxd4 5.O-O a6 6.Bc4 e6 7.d3 g6 8.c3 b5
9.Bb3 Bg7 10.Bd2 dxc3 11.Bxc3 Nf6 12.Nd2 Bb7 13.a4 O-O 14.axb5 axb5 15.e5 Nd5
16.Bxd5 Bxd5 17.Ne4 Bxe4 18.dxe4 Rxa1 19.Qxa1 Qb6 20.Rd1 Qb7 21.Qa5 Ra8 22.Qb4 Ra4
23.Qe7 b4 24.Bd4 Bf8 25.Qh4 b3 26.Be3 Rxe4 27.Qd8 Rxe5 28.Rxd7 Qa6 29.h3 Qa1+
30.Kh2 Rd5 31.Bh6  1-0

[Event "WY BU14 2012"]
[Site "Maribor SLO"]
[Date "2012.11.15"]
[Round "8.69"]
[White "Ali,Abdulaziz"]
[Black "Nero,Georg"]
[Result "0-1"]
[WhiteElo "1646"]
[BlackElo "1713"]

1.e4 c5 2.Nf3 Nc6 3.Bb5 Nf6 4.Nc3 Nd4 5.Bc4 d6 6.h3 e6 7.d3 d5 8.Bb3 Nxb3
9.axb3 dxe4 10.dxe4 Qxd1+ 11.Kxd1 Bd7 12.Ne5 Be7 13.Nxd7 Kxd7 14.Ke2 Rhd8
15.e5 Nd5 16.Rd1 Kc6 17.Ne4 h6 18.c4 Nb4 19.Bf4 a6 20.Rac1 b6 21.Nd6 Bxd6
22.Rxd6+ Rxd6 23.exd6 f6 24.Rd1 Rd8 25.Bg3 Nc2 26.Kd3 Nd4 27.Ra1 a5 28.Re1 Kd7
29.Kc3 Nf5 30.Bh2 Nxd6 31.Bxd6 Kxd6 32.Rd1+ Ke7 33.Rxd8 Kxd8 34.Kd3 Ke7 35.Ke4 Kd6
36.g4 g6 37.f4 f5+ 38.gxf5 gxf5+ 39.Kf3 e5 40.h4 exf4 41.Kxf4 Ke6 42.Kf3 Ke5  0-1

[Event "WY GU18 2012"]
[Site "Maribor SLO"]
[Date "2012.11.15"]
[Round "8.12"]
[White "Gevorgyan,M"]
[Black "Ibrahimova,S"]
[Result "1-0"]
[WhiteElo "2058"]
[BlackElo "2118"]

1.e4 c5 2.Nf3 Nc6 3.Bb5 g6 4.Bxc6 bxc6 5.O-O Bg7 6.Re1 Nh6 7.c3 O-O 8.d4 cxd4
9.cxd4 d6 10.h3 f6 11.Qc2 Bd7 12.Nc3 Nf7 13.b3 Rb8 14.Bb2 Ng5 15.Nxg5 fxg5
16.Nd1 Qc8 17.Ne3 Rf4 18.Rac1 Qb7  1-0

[Event "11th Kheireddine Ameyar Mem 2012"]
[Site "Algiers ALG"]
[Date "2012.11.16"]
[Round "1.7"]
[White "Haddouche,M"]
[Black "Meftahi,Houssem"]
[Result "1-0"]
[WhiteElo "2440"]
[BlackElo "2002"]

1.e4 c5 2.Nf3 Nc6 3.Bb5 e6 4.O-O Nge7 5.c3 a6 6.Ba4 b5 7.Bc2 Ng6 8.d4 d6
9.a4 Rb8 10.axb5 axb5 11.d5 Nce5 12.Nxe5 dxe5 13.c4 Be7 14.Na3 exd5 15.exd5 b4
16.Ba4+ Bd7 17.Bxd7+ Qxd7 18.Nb5 O-O 19.Be3 Rfd8 20.Qe2 Rb6 21.Rfd1 Nh4 22.d6 Qc6
23.Rd5 Rxb5 24.dxe7 Re8 25.Ra6 Qxa6 26.cxb5 Qb7 27.Qd2 f6 28.Bxc5 Qxb5 29.Rd8 Qc6
30.Rxe8+ Qxe8 31.Qd5+ Kh8  1-0

[Event "11th Kheireddine Ameyar Mem 2012"]
[Site "Algiers ALG"]
[Date "2012.11.16"]
[Round "1.9"]
[White "Njili,K"]
[Black "Tamzali,B"]
[Result "1-0"]
[WhiteElo "2374"]
[BlackElo "1895"]

1.e4 c5 2.Nf3 Nc6 3.Bb5 e6 4.Bxc6 bxc6 5.Qe2 Ne7 6.d3 Ng6 7.e5 f6 8.h4 Qe7
9.exf6 Qxf6 10.c4 Bd6 11.Nc3 Ne5 12.Ng5 Qf5 13.Nge4 Be7 14.Bg5 Nf7 15.g4 Qe5
16.f4 Qc7 17.Bxe7 Kxe7 18.Qe3 d6 19.O-O-O Ba6 20.Rde1 Rhe8 21.b3 Kd8 22.d4 cxd4
23.Qxd4 e5 24.fxe5 Rxe5 25.Rd1 Ke7 26.Rhf1 Rd8 27.Qf2 Ke8 28.Nxd6+ Rxd6 29.Rxd6 Nxd6
30.Qf8+ Kd7  1-0

[Event "WY GU18 2012"]
[Site "Maribor SLO"]
[Date "2012.11.16"]
[Round "9.11"]
[White "Hakimifard,G"]
[Black "Bezkorovaina,M"]
[Result "1-0"]
[WhiteElo "2274"]
[BlackElo "2025"]

1.e4 c5 2.Nf3 Nc6 3.Bb5 g6 4.Bxc6 dxc6 5.d3 Bg7 6.h3 Nf6 7.Nc3 O-O 8.Be3 b6
9.Qd2 Qc7 10.Bh6 Rd8 11.Bxg7 Kxg7 12.O-O-O b5 13.Qg5 b4 14.Ne2 c4 15.e5 Nd5
16.dxc4 Nb6 17.Rxd8 Qxd8 18.h4 h5 19.Rd1 Qc7 20.Nf4 Bg4 21.e6 Rd8 22.Rxd8 Qxd8
23.exf7 Qd6 24.c5 Qf6 25.Qxf6+ exf6 26.cxb6 axb6 27.f8=Q+ Kxf8 28.Nxg6+ Kf7
29.Nf4 Ke7 30.Kd2 Kd6 31.Ke3 c5 32.Ne1 Bd1 33.f3 c4 34.Kd2 c3+ 35.bxc3 bxc3+
36.Kxd1  1-0

[Event "WY GU16 2012"]
[Site "Maribor SLO"]
[Date "2012.11.16"]
[Round "9.43"]
[White "Gurcan,A"]
[Black "Jansen Van Rensburg,Monica"]
[Result "1/2-1/2"]
[WhiteElo "1698"]
[BlackElo "1792"]

1.e4 c5 2.Nf3 Nc6 3.Bb5 g6 4.O-O Bg7 5.c3 Nf6 6.Re1 O-O 7.d4 cxd4 8.cxd4 d6
9.Nc3 Bg4 10.Be3 Nd7 11.Bxc6 bxc6 12.h3 Bxf3 13.Qxf3 Qb6 14.Na4 Qb4 15.Qd1 Nb6
16.Nxb6 axb6 17.Re2 c5 18.Rd2 cxd4 19.Bxd4 Bxd4 20.Rxd4 Qxb2 21.Rd2 Qe5 22.Re2 Rfc8
23.Rb1 Qf4 24.g3 Qg5 25.Kg2 Qc5 26.Qb3 Ra6 27.Rbb2 Rca8 28.Rec2 Ra3 29.Rxc5 Rxb3
30.Rc8+ Rxc8 31.Rxb3 Ra8 32.a3 Ra4 33.Kf3 f5 34.exf5 gxf5 35.Rxb6 Rxa3+ 36.Kf4 Ra5
37.Kg5 Kg7 38.Rb7 h6+ 39.Kf4 Kf6 40.Rb8 Ra3 41.Rf8+ Kg6 42.Rg8+ Kf7 43.Rh8 Kg7
44.Re8 e5+ 45.Kxf5 Rf3+ 46.Ke6 Rxf2 47.Re7+ Kg6 48.Kxd6 Rf3 49.Re6+ Kg7 50.Re7+  1/2-1/2

[Event "WY GU18 2012"]
[Site "Maribor SLO"]
[Date "2012.11.18"]
[Round "11.22"]
[White "Ainutdinova,Y"]
[Black "Jorquera Cabello,V"]
[Result "1-0"]
[WhiteElo "2039"]
[BlackElo "2023"]

1.e4 c5 2.Nf3 Nc6 3.Bb5 d6 4.d4 cxd4 5.Qxd4 Bd7 6.Bxc6 bxc6 7.c4 e5 8.Qd3 h6
9.Nc3 Nf6 10.O-O Be7 11.Rd1 O-O 12.c5 Ne8 13.cxd6 Bxd6 14.Nxe5 Bxe5 15.Qxd7 Qxd7
16.Rxd7 Nf6 17.Rd3  1-0

[Event "WY BU18 2012"]
[Site "Maribor SLO"]
[Date "2012.11.18"]
[Round "11.20"]
[White "Iskandarov,M"]
[Black "Klabis,R"]
[Result "1-0"]
[WhiteElo "2396"]
[BlackElo "2126"]

1.e4 c5 2.Nf3 Nc6 3.Bb5 g6 4.O-O Bg7 5.Re1 Nf6 6.e5 Nd5 7.Nc3 Nc7 8.Bxc6 dxc6
9.Ne4 Ne6 10.d3 O-O 11.Be3 b6 12.Qd2 Nd4 13.Nxd4 cxd4 14.Bh6 c5 15.Qg5 f6
16.Qh4 Bb7 17.Bxg7 Kxg7 18.Ng3 Qd7 19.Re2 Rae8 20.Rae1 f5 21.e6 Qd5 22.f3 h6
23.Qf4 Qd6 24.Re5 Rf6 25.Qd2 f4 26.Nh1 Ref8 27.Nf2 Rf5 28.R5e2 Rg5 29.Nh3 Rh5
30.Nf2 Rg5 31.Ng4 Rgf5 32.Kf1 Rh5 33.c4 Rg5 34.h3 Rgf5 35.a3 Rg5 36.b4 h5
37.Nf2 Rg3 38.Ne4 Bxe4 39.Rxe4 g5 40.bxc5 bxc5 41.Kf2 g4 42.hxg4 hxg4 43.Rh1 Qb8
44.Qc1 Kg6 45.fxg4 Rxg4 46.Rh2 Rg5 47.Qh1 Qb3 48.Rh6+ Kf5 49.Qh3+ Rg4  1-0